Statistics for Click the Pixar Movie

Click here to take the quiz!

General Stats

  • This quiz has been taken 57 times
  • The average score is 13 of 30

Answer Stats

HintAnswer% Correct
Click the movie starring a little girl named Boo.Monsters, Inc.
91%
Click the Disney Princess movie.Brave
73%
Click the Mexican movie.Coco
68%
Click the water/fire movie.Elemental
64%
Click the first underwater movie.Finding Nemo
64%
Click the movie about cooking.Ratatouille
64%
Click the first movie to star a family of superheroes.The Incredibles
64%
Click the movie where the main character wasn't voiced.Wall-E
59%
Click the second movie with Ellen DeGeneres.Finding Dory
55%
Click the original movie.Toy Story
55%
Click the third movie in the first trilogy.Toy Story 3
55%
Click the movie that's a sequel to the one with five characters.Inside Out 2
50%
Click the movie with characters named Kevin and Doug.Up
50%
Click the first movie with exactly five main characters.Inside Out
45%
Click the movie from 2006.Cars
41%
Click the underwater movie that nothing to do with the others.Luca
41%
Click the Asian movie.Turning Red
41%
Click the movie about secret agent spies.Cars 2
32%
Click the movie with the Underminer at the beginning.Incredibles 2
32%
Click the spin-off movie.Lightyear
32%
Click the movie starring Jamie Foxx and Tina Fey.Soul
32%
Click the prequel movie.Monsters University
27%
Click the first movie of the 2020's.Onward
23%
Click the second movie from 2015.The Good Dinosaur
23%
Click the movie that was announced in 2023.Toy Story 5
23%
Click the second movie.A Bug's Life
18%
Click the movie where Al is the bad guy.Toy Story 2
18%
Click the only movie leftover at the end.Elio
14%
Click the movie released right before the Mexican movie.Cars 3
9%
Click the movie written by Rashida Jones.Toy Story 4
5%

Score Distribution

Percentile by Number Answered

Percent of People with Each Score

Your Score History

You have not taken this quiz